| 000 | 00560nam a2200217Ia 4500 | ||
|---|---|---|---|
| 003 | OSt | ||
| 005 | 20230317122643.0 | ||
| 008 | 210423s2005 xx 000 0 und d | ||
| 020 | _a8123905912 | ||
| 040 | _cAL | ||
| 041 | _aeng | ||
| 082 |
_a615.19 _223 _bBODJ |
||
| 100 |
_aBODIN (Jerome I);others. _948320 |
||
| 245 | _aPharmaceutical analysis. | ||
| 260 |
_aNew Delhi _bCambridge University Press _c2005 |
||
| 300 |
_avi,854 _bHB |
||
| 365 |
_b1895 _cINR |
||
| 650 |
_aPharmacology _948321 |
||
| 906 | _aanalysis. ; Pharmaceutical | ||
| 942 |
_2ddc _cBK |
||
| 999 |
_c153736 _d153736 |
||